Xác định ngữ âm Cơtu chuẩn cho sách học vần song ngữ Việt-Cơtu
Gespeichert in:
| 1. Verfasser: | |
|---|---|
| Format: | Buch |
| Veröffentlicht: |
1999
|
| Tags: |
Tag hinzufügen
Keine Tags, Fügen Sie den ersten Tag hinzu!
|
| Thư viện lưu trữ: | Mạng thư viện Đại học Đà Nẵng |
|---|
| LEADER | 00708nam a2200229 4500 | ||
|---|---|---|---|
| 001 | 000020425 | ||
| 003 | 16871 | ||
| 005 | 20150318080355.0 | ||
| 008 | 150318s1999 sd | ||
| 100 | 1 | |a Nguyễn Đăng Châu |e Chủ nhiệm đề tài | |
| 245 | 1 | 0 | |a Xác định ngữ âm Cơtu chuẩn cho sách học vần song ngữ Việt-Cơtu |c Nguyễn Đăng Châu |
| 260 | |c 1999 | ||
| 500 | |a Đề tài NCKH cấp Bộ . Mã số : B99-16-18 | ||
| OWN | |a LSP | ||
| 999 | |a From the UDN01 | ||
| TYP | |a Mixed Materials | ||
| TYP | |a Monograph | ||
| TYP | |a Printed language | ||
| 980 | |a Mạng thư viện Đại học Đà Nẵng | ||